书目信息 |
| 题名: |
看图例学Microft Word 7.0中文版
|
|
| 作者: | 洪锦魁 编著 | |
| 分册: | ||
| 出版信息: | 武汉 华中理工大学出版社 1997.01 |
|
| 页数: | 425页 | |
| 开本: | 16开 | |
| 丛书名: | ||
| 单 册: | ||
| 中图分类: | TP391.12 | |
| 科图分类: | ||
| 主题词: | 计算机应用 | |
| 电子资源: | ||
| ISBN: | 7-5609-1436-5 | |
| 000 | 00593nam0 2200193 45 | |
| 001 | 0005191591 | |
| 005 | 20000519152152.1 | |
| 010 | @a7-5609-1436-5@d46.00元 | |
| 100 | @a20000519d1997 km y0chiy0120 ea | |
| 101 | @achi | |
| 105 | @a z 000yy | |
| 200 | 1 | @a看图例学Microft Word 7.0中文版@AKan Tu Li Xue Microft Word 7.0 Zhong Wen Ban@f洪锦魁编著@FHong Jin Kui Bian Zhu |
| 210 | @a武汉@c华中理工大学出版社@d1997.01 | |
| 215 | @a425页@d16开 | |
| 606 | 0 | @a计算机应用 |
| 690 | @aTP391.12@v3 | |
| 701 | @a洪锦魁@4编著 | |
| 801 | @aCN@bPftUser@c20000519 | |
| 905 | @f3@b55640-642@dTP391.12@eH399 | |
| 看图例学Microft Word 7.0中文版/洪锦魁编著.-武汉:华中理工大学出版社,1997.01 |
| 425页;16开 |
| ISBN 7-5609-1436-5:46.00元 |
| ● |
| 相关链接 |
|
|
|
正题名:看图例学Microft Word 7.0中文版
索取号:TP391.12/H399
 
预约/预借
| 序号 | 登录号 | 条形码 | 馆藏地/架位号 | 状态 | 备注 |
| 1 | 55640 | 200556406 | 期刊室512/301自科库 60排5列5层/ [索取号:TP391.12/H399] | 在馆 | |
| 2 | 55641 | 200556415 | 自科库301/404自科库 25排5列1层/ [索取号:TP391.12/H399] | 在馆 | |
| 3 | 55642 | 200556424 | 期刊室512/301自科库 60排5列5层/ [索取号:TP391.12/H399] | 在馆 |